000 00322nam a2200133 i 4500
001 bg
100 1 _aNASER, Karl Heinz
245 0 _aPhysikalisch chemischa messmenchoden /
_cKarl Heinz Naser.
260 _aLeipzig,
_c1972.
040 _cBPK
041 _apol
942 _cKS
008 s pl f |000 0 pol
999 _c25763
_d25763
856 _uhttp://koha.tu.koszalin.pl/cgi-bin/koha/opac-detail.pl?biblionumber=25763
_yKatalog online BPK